Normal view MARC view

Entry Término temático

Number of records used in: 1

001 - NÚMERO DE CONTROL

  • campo de control: 176177

003 - IDENTIFICADOR DE NÚMERO DE CONTROL

  • campo de control: SpMaBN

005 - FECHA Y HORA DE LA ÚLTIMA TRANSACCIÓN

  • campo de control: 20250816084117.0

008 - ELEMENTOS DE DATO DE LONGITUD-FIJA

  • campo de control de longitud fija: 901201 n anznnbabn |a ana ##

016 ## - NÚMERO DE CONTROL DE UNA AGENCIA BIBLIOGRÁFICA NACIONAL

  • Número de control del registro: BNE19901029563

024 7# - IDENTIFICADOR DE OTROS ESTÁNDARES

  • Número estándar o código: http://id.loc.gov/authorities/subjects/sh85119104
  • Fuente: lcsh

024 7# - IDENTIFICADOR DE OTROS ESTÁNDARES

  • Número estándar o código: http://data.bnf.fr/ark:/12148/cb12020505z
  • Fuente: rameau

040 ## - FUENTE DE CATALOGACIÓN

  • Centro catalogador/agencia de origen: SpMaBN
  • Lengua de catalogación: spa
  • Centro/agencia transcriptor: SpMaBN
  • Normas de descripción: rdc
  • Convención/Normas de encabezamiento de materia/tesauro: embne

080 ## - NÚMERO DE LA CLASIFICACIÓN DECIMAL UNIVERSAL

  • Número de la Clasificación Decimal Universal: 73(450)
  • Identificador de la edición: 2000

150 ## - ENCABEZAMIENTO--TÉRMINO DE MATERIA

  • Término de materia o nombre geográfico como elemento de entrada: Escultura italiana

550 ## - TRAZADO VÉASE ADEMÁS--TÉRMINO DE MATERIA

  • Subcampo de control: g
  • Término de materia o nombre geográfico como elemento de entrada: Arte italiano

670 ## - FUENTE DE DATOS ENCONTRADOS

  • Cita de la fuente: LCSH
  • Información encontrada: (Sculpture, Italian)

670 ## - FUENTE DE DATOS ENCONTRADOS

  • Cita de la fuente: RAMEAU
  • Información encontrada: (Sculpture italienne)

750 #7 - ENTRADA DE ENLACE DE ENCABEZAMIENTO ESTABLECIDO--TÉRMINO DE MATERIA

  • Término de materia o nombre geográfico como elemento de entrada: Sculpture italienne
  • Fuente del encabezamiento o término: rameau

750 #7 - ENTRADA DE ENLACE DE ENCABEZAMIENTO ESTABLECIDO--TÉRMINO DE MATERIA

  • Término de materia o nombre geográfico como elemento de entrada: Sculpture, Italian
  • Fuente del encabezamiento o término: lcsh